000 00758nam0a22002531 4500
001 rc\1057148
005 20041129103922.8
035 _a(NLR Aleph) 006218108
090 _a6440150
_c6440150
100 _a20041129d1980 u |0rusy50 ca
101 0 _arus
102 _aRU
105 _aa |||||||||
200 1 _aРабочая тетрадь по русскому языку для 5 класса
205 _a2-е изд.
210 _aТаллин
_cВалгус
_d1980
215 _a46 с.
_cил.
_d20
700 1 _aБатарина
_bИ. Г.
_gИя Георгиевна
701 1 _aВяри
_bЭ. И.
_gЭльвира Ивановна
801 0 _aRU
_bNLR
_gpsbo
801 1 _aRU
_bELAR
_2rusmarc
852 _aNLR
_j89-6/2218
942 _cBOOK
980 _aNB